000 00843nam a22002177a 4500
999 _c14029
_d14029
003 AR-CdUCM
008 190417b ||||| |||| 00| 0 spa d
040 _aMUNICIPALIDAD PROVINCIAL DEL CUSCO
_cBIBLIOTECA MUNICIPAL DEL CUSCO
082 _a711.40 /
_bT93
100 _aTunnanrd, Christopher
_932694
245 _aSilueta urbana de norteamérica :
_bEl crecimiento y la forma de nuestras ciudades y poblaciones /
260 _aMéxico :
_bNovaro,
_c1964.
300 _a379 páginas ;
_c16 cm.
_bIlustraciones, laminas y fotografías,
505 _aContenido : El templo y la ciudad -- El modelo colonial. 1607 - 1776 -- La joven república. 1776 - 1825 ...
650 _aUrbanismo
_94748
650 _aCrecimiento
_96856
650 _aHistoria
_9136
700 _aHope Reed, Henry
_932695
942 _2ddc
_cLIBROS
945 _arah
_d17/04/2019